000 00392nam a22001697a 4500
003 SGT
020 _a9781032339948
082 _a615.1
_bD22S
100 _aSTROMGAARD, KRISTION
245 _aTEXT BOOK OF DRUG DESIGN AND DISCOVERY
250 _a5TH
260 _aNEW YORK
_bCRC PRESS
_c2011
300 _a460
650 _aPHARMACY
653 _aDRUG, DESIGN, DISCOVERY
942 _2ddc
_cBK
999 _c24832
_d24832